[Event "V Festival Scacchi Verdi"]
[Site "Bresso ITA"]
[Date "2006.06.17"]
[Round "3"]
[White "Azzinaro, Luca"]
[Black "Pezzotta, Gianni"]
[Result "1-0"]
[WhiteElo "1398"]
[BlackElo "1468"]
[PlyCount "69"]
[EventDate "2006.06.15"]

1. e4 d6 2. d4 Nf6 3. Nc3 c6 4. Nf3 Bg4 5. Be2 Bxf3 6. Bxf3 Nbd7 7. O-O e6 8.
Be3 Be7 9. d5 cxd5 10. exd5 e5 11. Qe2 O-O 12. Qb5 b6 13. Bd1 Ne8 14. Ne4 f5
15. Nc3 f4 16. Bd2 Ndf6 17. Bf3 Rc8 18. Qb3 g5 19. Ne4 h6 20. Nxf6+ Nxf6 21.
Qd3 Kg7 22. Rac1 Qd7 23. g3 Rce8 24. gxf4 gxf4 25. Kh1 Kf7 26. Be4 Nxe4 27.
Qxe4 Rh8 28. Rg1 Bg5 29. Rg2 Reg8 30. Rcg1 Kf6 31. h4 Bxh4 32. Rg6+ Kf7 33. Re6
Bg5 34. Qf5+ Kg7 35. Rg6+ 1-0

[Event "V Festival Scacchi Verdi"]
[Site "Bresso ITA"]
[Date "2006.06.17"]
[Round "3"]
[White "Bettini, Massimo"]
[Black "Zucchi, Oreste"]
[Result "1-0"]
[WhiteElo "1915"]
[BlackElo "1550"]
[PlyCount "49"]
[EventDate "2006.06.15"]

1. e4 d6 2. d4 Nf6 3. Nc3 g6 4. Be2 Bg7 5. g4 Nc6 6. g5 Ng8 7. Be3 e5 8. d5 Nd4
9. f4 Nxe2 10. Ngxe2 exf4 11. Bd4 Bxd4 12. Qxd4 f6 13. Nxf4 Kf7 14. O-O-O h6
15. gxf6 Nxf6 16. Ne6 Bxe6 17. dxe6+ Kxe6 18. Qc4+ Ke7 19. e5 Ne8 20. exd6+
Nxd6 21. Nd5+ Kf8 22. Rhf1+ Kg7 23. Qc3+ Kg8 24. Nf6+ Kg7 25. Nh5+ 1-0

[Event "V Festival Scacchi Verdi"]
[Site "Bresso ITA"]
[Date "2006.06.17"]
[Round "3"]
[White "Bozzali, Ermanno"]
[Black "Giannini, Mario"]
[Result "1-0"]
[WhiteElo "2089"]
[BlackElo "1539"]
[PlyCount "81"]
[EventDate "2006.06.15"]

1. e4 c5 2. Nf3 d6 3. d4 cxd4 4. Nxd4 Nf6 5. Nc3 a6 6. Be3 e5 7. Nb3 Be6 8. f3
Be7 9. Qd2 Nbd7 10. g4 h6 11. O-O-O b5 12. Nd5 Bxd5 13. exd5 Qc7 14. h4 Nb6 15.
Bxb6 Qxb6 16. Bd3 Nd7 17. Na5 Nc5 18. Be4 b4 19. Nc6 a5 20. Kb1 Qc7 21. g5 Nxe4
22. fxe4 Rc8 23. Rdf1 Qb6 24. Qe2 Rxc6 25. dxc6 Qxc6 26. g6 f6 27. Rd1 O-O 28.
Rd5 f5 29. h5 f4 30. Qg4 Qc7 31. Rf1 Kh8 32. Qf3 Rc8 33. Qd3 Qc6 34. Rxa5 Rb8
35. Rd5 Ra8 36. Rd1 Rf8 37. Rf1 Rb8 38. Rf3 Qc7 39. c4 Rc8 40. b3 Qa7 41. Rf1
1-0

[Event "V Festival Scacchi Verdi"]
[Site "Bresso ITA"]
[Date "2006.06.17"]
[Round "3"]
[White "Brighenti, Alessandro"]
[Black "D'Aulisa, Francesco"]
[Result "1/2-1/2"]
[WhiteElo "1460"]
[BlackElo "1682"]
[PlyCount "88"]
[EventDate "2006.06.15"]

1. e4 d6 2. Nc3 a6 3. a4 b6 4. d4 e6 5. f4 Nd7 6. Be3 Ne7 7. Nf3 g6 8. d5 Bg7
9. dxe6 fxe6 10. Bc4 Nf8 11. Bd4 Bxd4 12. Qxd4 Rg8 13. Qf6 Nc6 14. Qxd8+ Nxd8
15. O-O h6 16. Rae1 Rg7 17. f5 g5 18. f6 Rg6 19. e5 d5 20. Bd3 Rg8 21. h3 Ng6
22. Bxg6+ Rxg6 23. Nh2 Kf7 24. Ne2 Nc6 25. Ng3 Bd7 26. Nh5 Nd4 27. c4 Bc6 28.
cxd5 Bxd5 29. Rc1 Ne2+ 30. Kh1 Nxc1 31. Rxc1 c6 32. Ng4 Rc8 33. b4 c5 34. bxc5
Rxc5 35. Rb1 b5 36. axb5 Rxb5 37. Rc1 Rb7 38. Rc8 a5 39. Rh8 Rb2 40. Rh7+ Kf8
41. Ne3 Be4 42. Rc7 a4 43. Rc8+ Kf7 44. Rc7+ Kf8 1/2-1/2

[Event "V Festival Scacchi Verdi"]
[Site "Bresso ITA"]
[Date "2006.06.17"]
[Round "3"]
[White "Carbone, Lorenzo"]
[Black "Barberi, Alessandro"]
[Result "0-1"]
[WhiteElo "1814"]
[BlackElo "2153"]
[PlyCount "118"]
[EventDate "2006.06.15"]

1. e4 g6 2. d4 Bg7 3. c4 d6 4. Na3 Nd7 5. Nf3 e5 6. Nc2 Ne7 7. Be2 h6 8. Be3
O-O 9. O-O f5 10. Bd3 f4 11. Bd2 g5 12. h3 Ng6 13. Bc3 h5 14. dxe5 dxe5 15. Nh2
Nf6 16. f3 Be6 17. Qe2 Qc8 18. Ne1 g4 19. hxg4 hxg4 20. fxg4 Nxg4 21. Nef3 Nxh2
22. Kxh2 Bg4 23. Be1 Rf7 24. c5 Re7 25. Bc4+ Be6 26. Bxe6+ Qxe6 27. Ng5 Qf6 28.
Qh5 Bf8 29. Rf3 Qh8 30. Qxh8+ Kxh8 31. Bc3 Rd8 32. Rh1 Kg7 33. Rh3 Kf6 34. Nh7+
Rxh7 35. Rxh7 Bxc5 36. g3 fxg3+ 37. Kxg3 Rd3+ 38. Kg4 Bf2 39. R1h3 Rxh3 40.
Rxh3 Bd4 41. Rf3+ Ke6 42. Kg5 Ne7 43. Rf6+ Kd7 44. Rf3 c5 45. a3 Kc6 46. Kf6
Kd6 47. Rg3 Nc6 48. Kf5 Ne7+ 49. Kf6 b5 50. Kf7 a5 51. Rd3 Nc6 52. Rh3 c4 53.
Ke8 b4 54. Rh6+ Kc5 55. axb4+ axb4 56. Kd7 Nb8+ 57. Kc8 bxc3 58. bxc3 Bxc3 59.
Kxb8 Bd4 0-1

[Event "V Festival Scacchi Verdi"]
[Site "Bresso ITA"]
[Date "2006.06.17"]
[Round "3"]
[White "Cazzaniga, Walter"]
[Black "Scotti, Mirko"]
[Result "1/2-1/2"]
[WhiteElo "2134"]
[BlackElo "1876"]
[PlyCount "103"]
[EventDate "2006.06.15"]

1. d4 d5 2. c4 e6 3. Nc3 Nf6 4. Bg5 Be7 5. e3 O-O 6. Nf3 Nbd7 7. Be2 c6 8. O-O
dxc4 9. Bxc4 b5 10. Bd3 a6 11. Rc1 Bb7 12. a3 c5 13. Bxf6 Bxf6 14. Ne4 cxd4 15.
exd4 e5 16. Nxf6+ Qxf6 17. Rc7 Bxf3 18. Qxf3 Qxf3 19. gxf3 Rad8 20. Bf5 Nb6 21.
dxe5 Nc4 22. e6 fxe6 23. Bxe6+ Kh8 24. Bxc4 bxc4 25. Rxc4 Rxf3 26. Rfc1 Rdf8
27. R1c2 Kg8 28. R4c3 Rxc3 29. Rxc3 Rf6 30. b4 Kf7 31. Kg2 Rb6 32. f4 Kf6 33.
Kf3 Ke6 34. Rc5 Kf6 35. Ke4 Ke6 36. Kd4 Kd6 37. f5 g6 38. h4 Ke7 39. fxg6 hxg6
40. Rc7+ Kd8 41. Rg7 Ke8 42. Kc5 Rf6 43. a4 Kd8 44. b5 axb5 45. axb5 Kc8 46. b6
Kb8 47. Kb5 Rf4 48. Kc6 Rc4+ 49. Kb5 Rxh4 50. Rxg6 Rh8 51. Ka6 Rf8 52. Rg7
1/2-1/2

[Event "V Festival Scacchi Verdi"]
[Site "Bresso ITA"]
[Date "2006.06.17"]
[Round "3"]
[White "Faccio, Fabio"]
[Black "Perissinotto, Claudio"]
[Result "1/2-1/2"]
[WhiteElo "1948"]
[BlackElo "2119"]
[PlyCount "26"]
[EventDate "2006.06.15"]

1. e4 c5 2. Nf3 d6 3. d4 cxd4 4. Nxd4 Nf6 5. Nc3 g6 6. Be2 Bg7 7. Be3 O-O 8.
O-O Nc6 9. f4 Qb6 10. Na4 Qa5 11. Nc3 Qb6 12. Na4 Qa5 13. Nc3 Qb6 1/2-1/2

[Event "V Festival Scacchi Verdi"]
[Site "Bresso ITA"]
[Date "2006.06.17"]
[Round "3"]
[White "Fornari, Sergio"]
[Black "Cervini, Gian Piero"]
[Result "0-1"]
[WhiteElo "1430"]
[BlackElo "1831"]
[PlyCount "92"]
[EventDate "2006.06.15"]

1. d4 Nf6 2. Nf3 g6 3. Bg5 Bg7 4. e3 c5 5. c3 cxd4 6. exd4 d5 7. Bd3 Nc6 8.
Nbd2 Qc7 9. O-O O-O 10. Re1 Re8 11. Ne5 Nxe5 12. dxe5 Ng4 13. h3 Nxe5 14. Bb5
Nc6 15. Nf3 a6 16. Ba4 b5 17. Bb3 e6 18. Qd2 Bb7 19. Bf4 Qe7 20. Bh6 Qf8 21.
Bg5 h6 22. Bf4 Rad8 23. Qc2 d4 24. cxd4 Nxd4 25. Nxd4 Bxd4 26. Rad1 Bg7 27. Be3
Bd5 28. Bc5 Bxb3 29. axb3 Rxd1 30. Rxd1 Rc8 31. b4 Qe8 32. Ra1 Qc6 33. Rd1 Bf8
34. Rc1 a5 35. Qd2 axb4 36. Be3 Qxc1+ 37. Qxc1 Rxc1+ 38. Bxc1 Kg7 39. g4 Kf6
40. h4 h5 41. f3 Ke5 42. b3 Kd4 43. Bb2+ Kd3 44. Kf2 Kc2 45. Bf6 Kxb3 46. Ke2
Kc2 0-1

[Event "V Festival Scacchi Verdi"]
[Site "Bresso ITA"]
[Date "2006.06.17"]
[Round "3"]
[White "Gandolfi, Gianfranco"]
[Black "Agustoni, Alessandro"]
[Result "1-0"]
[WhiteElo "1875"]
[BlackElo "1512"]
[PlyCount "53"]
[EventDate "2006.06.15"]

1. e4 e6 2. d4 d5 3. Nc3 Bb4 4. e5 c5 5. Bd2 cxd4 6. Nb5 Nc6 7. Bxb4 Nxb4 8.
Nd6+ Ke7 9. a3 Nc6 10. f4 Nh6 11. Nf3 Nf5 12. Nxf5+ exf5 13. Nxd4 Nxd4 14. Qxd4
Ke6 15. O-O-O b6 16. Be2 Bb7 17. g4 g6 18. gxf5+ gxf5 19. Rhg1 Rg8 20. Bf3 Qd7
21. Qf2 Qe7 22. Rg3 Qc5 23. Qg2 Qe3+ 24. Kb1 Rxg3 25. Qxg3 Qc5 26. Qg7 Rc8 27.
Qf6+ 1-0

[Event "V Festival Scacchi Verdi"]
[Site "Bresso ITA"]
[Date "2006.06.17"]
[Round "3"]
[White "Garlera, Marco"]
[Black "Marinone, Lucio"]
[Result "0-1"]
[WhiteElo "1499"]
[BlackElo "1940"]
[PlyCount "62"]
[EventDate "2006.06.15"]

1. d4 Nf6 2. c4 g6 3. Nc3 d5 4. Bg5 Bg7 5. e3 Ne4 6. Nxe4 dxe4 7. Qc2 c5 8.
O-O-O Qa5 9. Qxe4 Nc6 10. a3 Bf5 11. Qd5 Rd8 12. Qxc5 Qxc5 13. dxc5 Bxb2+ 14.
Kxb2 Rxd1 15. Be2 Rd2+ 16. Kc3 Rc2+ 17. Kb3 b6 18. cxb6 axb6 19. g4 Na5+ 20.
Kb4 Be6 21. Bd3 Rb2+ 22. Kc3 Rb3+ 23. Kc2 f6 24. Bf4 Kf7 25. Ne2 Rxa3 26. Nd4
Bxc4 27. Bxc4+ Nxc4 28. Bg3 Rc8 29. Kb1 e5 30. Nc2 Rb3+ 31. Kc1 Na3 0-1

[Event "V Festival Scacchi Verdi"]
[Site "Bresso ITA"]
[Date "2006.06.17"]
[Round "3"]
[White "Giancola, Andrea"]
[Black "Viale, Fabio"]
[Result "0-1"]
[WhiteElo "1592"]
[BlackElo "1613"]
[PlyCount "27"]
[EventDate "2006.06.15"]

1. d4 Nf6 2. c4 e6 3. Nc3 Bb4 4. Bd2 O-O 5. e3 d5 6. cxd5 exd5 7. Bd3 Re8 8.
Nge2 b6 9. Rc1 Ba6 10. Bxa6 Nxa6 11. Nb5 Bxd2+ 12. Qxd2 Qd7 13. Nbc3 Ne4 14.
Ng3 0-1

[Event "V Festival Scacchi Verdi"]
[Site "Bresso ITA"]
[Date "2006.06.17"]
[Round "3"]
[White "Madaschi, Sergio"]
[Black "Bernago, Federico"]
[Result "1-0"]
[WhiteElo "1502"]
[BlackElo "1990"]
[PlyCount "69"]
[EventDate "2006.06.15"]

1. e4 c5 2. Nc3 Nc6 3. d3 g6 4. g3 Bg7 5. Nge2 Rb8 6. Bg2 b5 7. O-O e6 8. Be3
Nd4 9. Qd2 h5 10. Nd1 Ne7 11. c3 Nxe2+ 12. Qxe2 d6 13. d4 Qc7 14. dxc5 dxc5 15.
Bf4 e5 16. Bd2 Be6 17. Ne3 Qc8 18. Rfd1 h4 19. g4 Bh6 20. h3 Bxe3 21. Bxe3 Qc7
22. Bg5 Ng8 23. Qf3 Kf8 24. Rd2 Kg7 25. b3 f6 26. Be3 g5 27. Rad1 Nh6 28. Rd6
Rhe8 29. R1d2 Nf7 30. Ra6 Bc8 31. Qxf6+ Kg8 32. Qg6+ Kf8 33. Rf6 Be6 34. Bxg5
Re7 35. Bh6+ 1-0

[Event "V Festival Scacchi Verdi"]
[Site "Bresso ITA"]
[Date "2006.06.17"]
[Round "3"]
[White "Mannoni, Luigi"]
[Black "Merlini, Luigi"]
[Result "0-1"]
[WhiteElo "1649"]
[BlackElo "1432"]
[PlyCount "65"]
[EventDate "2006.06.15"]

1. e4 e5 2. Nf3 Nc6 3. Bb5 a6 4. Ba4 Nf6 5. O-O Be7 6. Re1 b5 7. Bb3 O-O 8. c3
d5 9. exd5 Nxd5 10. Nxe5 Nxe5 11. Rxe5 Nf6 12. Re1 Bd6 13. d4 Ng4 14. g3 Nxh2
15. Kxh2 Qh4+ 16. Kg1 Bxg3 17. fxg3 Qxg3+ 18. Kh1 Bg4 19. Qxg4 Qxg4 20. Re3
Rad8 21. Na3 Rd6 22. Re5 Qh3+ 23. Kg1 Rg6+ 24. Bg5 Rxg5+ 25. Rxg5 Qe3+ 26. Kf1
Qxg5 27. Re1 h5 28. Nb1 Rd8 29. Re5 Qc1+ 30. Re1 Qxb2 31. Kg1 Rd6 32. Kf1 Rf6+
33. Kg1 0-1

[Event "V Festival Scacchi Verdi"]
[Site "Bresso ITA"]
[Date "2006.06.17"]
[Round "3"]
[White "Pepa, Syrja"]
[Black "Mastroddi, Emiliano"]
[Result "0-1"]
[WhiteElo "1715"]
[BlackElo "2075"]
[PlyCount "104"]
[EventDate "2006.06.15"]

1. d4 Nf6 2. c4 e6 3. Nc3 Bb4 4. Qc2 b6 5. Bg5 Bb7 6. f3 h6 7. Bh4 d5 8. e3 O-O
9. Bd3 c5 10. a3 dxc4 11. Bxc4 cxd4 12. axb4 dxc3 13. bxc3 Qc7 14. Bb3 Rc8 15.
Bxf6 gxf6 16. Ne2 Qe5 17. Kf2 Nc6 18. f4 Qc7 19. Qb2 b5 20. Rhd1 Ne7 21. Rac1
Qc6 22. Rg1 Qb6 23. Ng3 e5 24. f5 Rd8 25. Qe2 Bd5 26. Qg4+ Kh7 27. Bxd5 Nxd5
28. Rge1 Nf4 29. Qf3 Nd3+ 30. Kf1 Nxc1 31. Rxc1 Rac8 32. Ne4 Rd3 33. Kf2 Rc4
34. Qe2 Rd8 35. Qf3 Qc6 36. Nc5 Qxf3+ 37. Kxf3 a5 38. Nb7 Rd3 39. bxa5 Rcxc3
40. Rxc3 Rxc3 41. a6 Ra3 42. Nc5 b4 43. Ke4 b3 44. Nd3 Rxa6 45. Nc5 Rb6 46. Na4
b2 47. Nxb2 Rxb2 48. Kf3 h5 49. h3 Rb4 50. g3 Kh6 51. e4 Rb3+ 52. Kf2 Kg5 0-1

[Event "V Festival Scacchi Verdi"]
[Site "Bresso ITA"]
[Date "2006.06.17"]
[Round "3"]
[White "Rezzonico, Paolo"]
[Black "Piazza, Angelo"]
[Result "0-1"]
[WhiteElo "2063"]
[BlackElo "2008"]
[PlyCount "106"]
[EventDate "2006.06.15"]

1. e4 d5 2. Nc3 Nf6 3. e5 Ne4 4. Nce2 f6 5. Nf3 Bg4 6. exf6 Nxf6 7. Ng3 Qd6 8.
d4 Nbd7 9. Be2 e5 10. dxe5 Nxe5 11. O-O Nxf3+ 12. Bxf3 Bxf3 13. Qxf3 O-O-O 14.
Bg5 h6 15. Bxf6 Qxf6 16. Qxf6 gxf6 17. Rfe1 Bd6 18. Nf5 Be5 19. c3 Rd7 20. g3
c5 21. f4 Bc7 22. Rad1 d4 23. cxd4 cxd4 24. Rd3 Bb6 25. Kg2 Kb8 26. Kf3 Rc8 27.
Nxh6 Rh7 28. Ng4 f5 29. Ne5 Rxh2 30. Re2 Rc2 31. Rxh2 Rxh2 32. Nd7+ Kc7 33.
Nxb6 Kxb6 34. Rxd4 Rxb2 35. Ra4 Rc2 36. Ra3 Rc1 37. Ke3 a5 38. Kd4 Rc5 39. Re3
Rc2 40. a3 a4 41. Ke5 Rc5+ 42. Kf6 Rb5 43. g4 fxg4 44. Rg3 Rb3 45. Rxg4 Rxa3
46. f5 Kc5 47. Kg7 Rf3 48. f6 b5 49. f7 a3 50. f8=Q+ Rxf8 51. Kxf8 a2 52. Rg1
b4 53. Ke7 b3 0-1

[Event "V Festival Scacchi Verdi"]
[Site "Bresso ITA"]
[Date "2006.06.17"]
[Round "3"]
[White "Rossi, Giampiero"]
[Black "Laketic, Gojko"]
[Result "0-1"]
[WhiteElo "2002"]
[BlackElo "2446"]
[PlyCount "118"]
[EventDate "2006.06.15"]

1. d4 g6 2. c4 Bg7 3. g3 Nf6 4. Bg2 d5 5. cxd5 Nxd5 6. e4 Nb6 7. Ne2 e5 8. d5
c6 9. Nbc3 O-O 10. O-O cxd5 11. exd5 Nc4 12. b3 Nd6 13. Be3 Bf5 14. Qd2 Nd7 15.
Rac1 Re8 16. Rfe1 h5 17. f4 Rc8 18. Na4 Rxc1 19. Rxc1 exf4 20. Bxf4 Ne5 21. Nd4
Nd3 22. Nxf5 Nxf4 23. Nxg7 Ne2+ 24. Kh1 Kxg7 25. Rf1 Nf5 26. Rf2 Qf6 27. Rf3
Ned4 28. Rf2 Qe5 29. Nc5 Qe1+ 30. Qxe1 Rxe1+ 31. Rf1 Rxf1+ 32. Bxf1 Nd6 33. Kg2
Nc2 34. Kf2 Nb4 35. a4 b6 36. Nd3 Nxd5 37. Bg2 Nc7 38. Ke3 Ne6 39. Bd5 Kf6 40.
b4 g5 41. a5 Nc7 42. Kd4 Ndb5+ 43. Kc4 Na3+ 44. Kd4 Nc2+ 45. Ke4 Na6 46. axb6
axb6 47. b5 Nab4 48. Nb2 Ne3 49. Bc6 Nf1 50. Nc4 Nxh2 51. Nxb6 Nf1 52. Kf3 g4+
53. Kf2 Nd2 54. Nd7+ Ke7 55. Nc5 Kd6 56. Nb7+ Kc7 57. Na5 Kb6 58. Ke3 Nf1+ 59.
Kf2 Kxa5 0-1

[Event "V Festival Scacchi Verdi"]
[Site "Bresso ITA"]
[Date "2006.06.17"]
[Round "3"]
[White "Salvador, Roland"]
[Black "Pelizzola, Danilo"]
[Result "1-0"]
[WhiteElo "2396"]
[BlackElo "2059"]
[PlyCount "87"]
[EventDate "2006.06.15"]

1. d4 Nf6 2. Nf3 b6 3. c4 e6 4. g3 Bb7 5. Bg2 Be7 6. O-O O-O 7. Nc3 Ne4 8. Bd2
Nxc3 9. Bxc3 Be4 10. d5 Bf6 11. Rc1 d6 12. Qd2 Bxc3 13. Rxc3 e5 14. Rfc1 Nd7
15. Nxe5 Nxe5 16. Bxe4 Qd7 17. b4 a5 18. a3 axb4 19. axb4 Ra4 20. R3c2 Rfa8 21.
f4 Ng4 22. Qd3 g6 23. Qd2 Qe7 24. Bf3 Qe3+ 25. Qxe3 Nxe3 26. Rc3 Ra1 27. c5
bxc5 28. bxc5 Kg7 29. h3 Nd1 30. Rxa1 Rxa1 31. Rb3 Ne3+ 32. Kh2 Nf1+ 33. Kg2
dxc5 34. Rc3 c4 35. Kf2 Nd2 36. Rc2 Rf1+ 37. Ke3 Nxf3 38. exf3 Ra1 39. Rxc4 Ra7
40. Ke4 Kf6 41. Rc6+ Ke7 42. Ke5 Kd7 43. Rc3 Ke7 44. Rxc7+ 1-0

[Event "V Festival Scacchi Verdi"]
[Site "Bresso ITA"]
[Date "2006.06.17"]
[Round "3"]
[White "Taglione, Giuseppe"]
[Black "Cimo', Alessandro"]
[Result "0-1"]
[WhiteElo "1442"]
[BlackElo "1506"]
[PlyCount "58"]
[EventDate "2006.06.15"]

1. e4 c5 2. c4 d6 3. f4 e6 4. Nf3 Qf6 5. d3 Nc6 6. Nc3 a6 7. Be2 g6 8. O-O Bh6
9. g3 Bg7 10. Rb1 Qd8 11. a3 Nge7 12. Bd2 Qb6 13. Na4 Qa7 14. Qc2 b5 15. cxb5
axb5 16. Nc3 Ba6 17. Nd1 O-O 18. Bc3 Bxc3 19. Qxc3 b4 20. axb4 cxb4+ 21. Kg2
bxc3 22. Nxc3 Nb4 23. Rfd1 Nc2 24. Kh1 Ne3 25. Re1 Ng4 26. Rf1 Nf2+ 27. Kg2
Nxd3 28. Ra1 Qb6 29. Na4 Qb4 0-1

[Event "V Festival Scacchi Verdi"]
[Site "Bresso ITA"]
[Date "2006.06.17"]
[Round "3"]
[White "Tosetto, Flavio"]
[Black "Basilico, Davide"]
[Result "0-1"]
[WhiteElo "1748"]
[BlackElo "1482"]
[PlyCount "156"]
[EventDate "2006.06.15"]

1. e4 e5 2. Nf3 Nc6 3. Bb5 a6 4. Ba4 Nf6 5. O-O Nxe4 6. Bxc6 dxc6 7. Nxe5 Qf6
8. d4 Bd6 9. f4 c5 10. Qf3 Bf5 11. g4 Bg6 12. Nxg6 Qxd4+ 13. Be3 Qxb2 14. Qxe4+
Kd7 15. Nxh8 Qxa1 16. Nxf7 Re8 17. Qf5+ Kc6 18. Nd2 Qc3 19. Nxd6 Qxe3+ 20. Rf2
cxd6 21. Nc4 Qh3 22. Nd2 Re1+ 23. Nf1 Re8 24. Rd2 Qf3 25. Rd3 Qe4 26. Qxe4+
Rxe4 27. Rf3 Ra4 28. a3 Rc4 29. Ne3 Rc3 30. f5 Rxa3 31. g5 Kd7 32. f6 gxf6 33.
gxf6 Ke8 34. Kf2 Kf7 35. Ke2 b5 36. Rf4 Ra4 37. Rf2 Re4 38. Kd3 d5 39. Nxd5
Rd4+ 40. Kc3 Rxd5 41. Kb3 Rd6 42. Rf5 c4+ 43. Kb4 Rxf6 44. Rh5 Kg6 45. Rd5 Rc6
46. c3 h5 47. h4 Re6 48. Rd4 Kf5 49. Ka5 Ke5 50. Kb4 Rc6 51. Rd8 Kf4 52. Rd4+
Kg3 53. Ka5 Rf6 54. Kb4 Rf4 55. Rd6 Kxh4 56. Rxa6 Rf5 57. Rg6 Rg5 58. Rb6 Kg4
59. Rd6 h4 60. Rd1 h3 61. Rh1 Rh5 62. Rg1+ Kf3 63. Rd1 h2 64. Re1 h1=Q 65. Rxh1
Rxh1 66. Kxb5 Rh4 67. Kc5 Ke3 68. Kb5 Kd3 69. Kb4 Kd2 70. Ka3 Kxc3 71. Ka4 Kb2
72. Kb4 c3+ 73. Kc5 c2 74. Kd5 c1=Q 75. Ke5 Qg5+ 76. Ke6 Rh6+ 77. Kf7 Qa5 78.
Kg7 Rb6 0-1

[Event "V Festival Scacchi Verdi"]
[Site "Bresso ITA"]
[Date "2006.06.17"]
[Round "4"]
[White "Agustoni, Alessandro"]
[Black "Ferraris, Fulvio"]
[Result "0-1"]
[WhiteElo "1512"]
[BlackElo "1751"]
[PlyCount "44"]
[EventDate "2006.06.15"]

1. e4 e6 2. d4 d5 3. Nd2 dxe4 4. Nxe4 Bd7 5. Nf3 h6 6. Bd3 Nf6 7. O-O Bc6 8.
Re1 Nbd7 9. Bd2 Nxe4 10. Bxe4 Bxe4 11. Rxe4 Nf6 12. Re1 c5 13. dxc5 Bxc5 14.
Bc3 Qb6 15. Qe2 Nh5 16. g3 Ke7 17. Kf1 Rhd8 18. Rad1 Bb4 19. Ne5 Bxc3 20. Qxh5
Qb5+ 21. Kg1 Bxe5 22. Qxe5 Qxe5 0-1

[Event "V Festival Scacchi Verdi"]
[Site "Bresso ITA"]
[Date "2006.06.17"]
[Round "4"]
[White "Azzinaro, Luca"]
[Black "Pepa, Syrja"]
[Result "1/2-1/2"]
[WhiteElo "1398"]
[BlackElo "1715"]
[PlyCount "140"]
[EventDate "2006.06.15"]

1. e4 e6 2. d4 d5 3. e5 c5 4. c3 Qb6 5. Nf3 Nc6 6. Bd3 cxd4 7. cxd4 Nge7 8. O-O
Ng6 9. Nc3 Be7 10. Na4 Qc7 11. Bxg6 hxg6 12. Bg5 f6 13. exf6 gxf6 14. Bh4 g5
15. Bg3 Qd8 16. Qc2 Kf7 17. Qd1 Qg8 18. Ne1 Qg6 19. f4 g4 20. Nc2 b6 21. Ne3
Qe4 22. Nc2 Ba6 23. Re1 Qg6 24. Ne3 Nb4 25. f5 exf5 26. a3 Nd3 27. Nxd5 Nxe1
28. Qxe1 Bd8 29. Nf4 Qh7 30. Qe6+ Kf8 31. Qd6+ Be7 32. Ne6+ Kg8 33. Qd5 Qf7 34.
Qxa8+ Kh7 35. Qd5 Kg6 36. Nf4+ Kg7 37. Qxf7+ Kxf7 38. Rc1 Rd8 39. Bf2 Rd7 40.
Nc3 Bd6 41. g3 Bxf4 42. gxf4 Bb7 43. Nb5 Be4 44. Rc7 Rxc7 45. Nxc7 Ke7 46. Nb5
a6 47. Nc3 Bf3 48. Na4 b5 49. Nc5 a5 50. Be1 a4 51. Kf2 Kd6 52. Ke3 Bd5 53. Bh4
Kc6 54. Kd3 Kd6 55. Bxf6 Bc4+ 56. Kc3 Kc6 57. b3 axb3 58. Nxb3 Be2 59. Kb4 Kd5
60. Nc1 Bf1 61. Na2 Bd3 62. Ka5 Ke4 63. Nc3+ Kxf4 64. Be5+ Ke3 65. Nxb5 f4 66.
d5 Ke4 67. Bc7 f3 68. Bb6 Kxd5 69. Bf2 Bf5 70. Kb4 Bd7 1/2-1/2

[Event "V Festival Scacchi Verdi"]
[Site "Bresso ITA"]
[Date "2006.06.17"]
[Round "4"]
[White "Barberi, Alessandro"]
[Black "Salvador, Roland"]
[Result "0-1"]
[WhiteElo "2153"]
[BlackElo "2396"]
[PlyCount "64"]
[EventDate "2006.06.15"]

1. d4 d5 2. Nf3 Nf6 3. c4 dxc4 4. Nc3 a6 5. a4 Nc6 6. e4 Bg4 7. Be3 e5 8. d5
Na5 9. h3 Bxf3 10. Qxf3 Bb4 11. Be2 O-O 12. O-O Qd6 13. Bg5 Nd7 14. Nd1 Nb3 15.
Ne3 Qg6 16. Bxc4 Nxa1 17. Bh4 b5 18. Ba2 Qh6 19. Nf5 Qf4 20. Qe2 Nc5 21. Rxa1
Nxe4 22. Bb1 Qxf5 23. Bxe4 Qd7 24. Qh5 f5 25. Bc2 e4 26. Bb3 Bd6 27. Qe2 h6 28.
f3 Rae8 29. axb5 exf3 30. Qxf3 Qxb5 31. Bf2 Rb8 32. Ba4 Qxb2 0-1

[Event "V Festival Scacchi Verdi"]
[Site "Bresso ITA"]
[Date "2006.06.17"]
[Round "4"]
[White "Basilico, Davide"]
[Black "Carbone, Lorenzo"]
[Result "0-1"]
[WhiteElo "1482"]
[BlackElo "1814"]
[PlyCount "78"]
[EventDate "2006.06.15"]

1. e4 c5 2. c3 d5 3. exd5 Qxd5 4. d4 cxd4 5. cxd4 e6 6. Nf3 Nf6 7. Nc3 Qd8 8.
Bb5+ Bd7 9. Bxd7+ Qxd7 10. O-O Be7 11. Bf4 Nc6 12. Rc1 O-O 13. Ne2 Rac8 14. Ne5
Nxe5 15. Rxc8 Rxc8 16. dxe5 Qxd1 17. Rxd1 Nd5 18. Rc1 Rxc1+ 19. Bxc1 Nb4 20.
Be3 a6 21. a4 Nd3 22. b3 Nxe5 23. Bb6 Bd6 24. Nc3 f5 25. a5 Nd3 26. Na4 Kf8 27.
Kf1 Ke8 28. Bd4 g6 29. Bb2 Kd7 30. Ke2 Nc5 31. Nxc5+ Bxc5 32. Bc3 Kc6 33. f3
Kb5 34. Kd3 Bb4 35. Bxb4 Kxb4 36. Kd4 Kxa5 37. Ke5 Kb4 38. Kf6 Kxb3 39. Kg7 a5
0-1

[Event "V Festival Scacchi Verdi"]
[Site "Bresso ITA"]
[Date "2006.06.17"]
[Round "4"]
[White "Bernago, Federico"]
[Black "Rossi, Giampiero"]
[Result "1/2-1/2"]
[WhiteElo "1990"]
[BlackElo "2002"]
[PlyCount "67"]
[EventDate "2006.06.15"]

1. e4 c5 2. Nf3 e6 3. d3 Nc6 4. g3 g6 5. Bg2 Bg7 6. O-O Nge7 7. Re1 d6 8. c3
O-O 9. Be3 Rb8 10. Nbd2 b5 11. Nf1 a5 12. Qd2 b4 13. Bh6 bxc3 14. bxc3 Bxh6 15.
Qxh6 f6 16. Qd2 e5 17. h4 Be6 18. Ne3 d5 19. Qc2 dxe4 20. dxe4 Qc7 21. h5 Kg7
22. Red1 Rfd8 23. Nh2 Ng8 24. Nd5 Bxd5 25. exd5 Nce7 26. c4 Nf5 27. Nf3 Nd6 28.
hxg6 hxg6 29. Rab1 Rb4 30. Nd2 Rdb8 31. a3 Rxb1 32. Rxb1 Rxb1+ 33. Qxb1 Ne7 34.
Bh3 1/2-1/2

[Event "V Festival Scacchi Verdi"]
[Site "Bresso ITA"]
[Date "2006.06.17"]
[Round "4"]
[White "Cervini, Gian Piero"]
[Black "Giannini, Mario"]
[Result "0-1"]
[WhiteElo "1831"]
[BlackElo "1539"]
[PlyCount "91"]
[EventDate "2006.06.15"]

1. e4 c5 2. c3 d5 3. exd5 Qxd5 4. d4 Nc6 5. Nf3 e6 6. Be3 cxd4 7. cxd4 Nf6 8.
Nc3 Qd8 9. Bb5 Bd7 10. O-O a6 11. Be2 Qc7 12. Rc1 Bd6 13. Qc2 Bf4 14. Ne4 Nd5
15. Bxf4 Qxf4 16. Nc5 Qc7 17. Qb3 Rb8 18. Bc4 Na5 19. Qd3 Nxc4 20. Nxd7 Nxb2
21. Qb3 Qxd7 22. Qxb2 O-O 23. Rc2 Rfc8 24. Rfc1 Rxc2 25. Rxc2 Rd8 26. Ne5 Qe7
27. Qc1 f6 28. Nf3 Qd7 29. h3 Qe8 30. Kh2 b6 31. Rc6 a5 32. Qc4 Qd7 33. g4 Rb8
34. a4 Rb7 35. g5 Rc7 36. Rxc7 Qxc7+ 37. Qxc7 Nxc7 38. gxf6 gxf6 39. Kg3 Kf7
40. Nd2 Nd5 41. Nc4 Kg6 42. Kf3 Kg5 43. Kg3 h5 44. h4+ Kf5 45. f3 Kg6 46. Kh3
0-1

[Event "V Festival Scacchi Verdi"]
[Site "Bresso ITA"]
[Date "2006.06.17"]
[Round "4"]
[White "Chiarello, Simone"]
[Black "Giancola, Andrea"]
[Result "0-1"]
[WhiteElo "1452"]
[BlackElo "1592"]
[PlyCount "114"]
[EventDate "2006.06.15"]

1. d4 d5 2. c4 c6 3. Nf3 Nf6 4. Nc3 dxc4 5. a4 Bf5 6. e3 e6 7. Bxc4 Nbd7 8. O-O
Bd6 9. Re1 Ne4 10. Nxe4 Bxe4 11. Bd3 Nf6 12. Bxe4 Nxe4 13. Qc2 Ng5 14. Nxg5
Qxg5 15. e4 Qg6 16. d5 cxd5 17. Qb3 O-O 18. e5 Bc5 19. Qxb7 Qc2 20. Be3 Bxe3
21. Rxe3 Rfb8 22. Rc3 Qxf2+ 23. Kxf2 Rxb7 24. b3 a5 25. Rac1 f6 26. exf6 gxf6
27. Re3 Kf7 28. Rc6 Re7 29. Rh3 Ke8 30. Rhc3 f5 31. Rc7 Rb8 32. R7c5 Ra7 33.
Rc6 Kd7 34. Ke3 Rxb3 35. Rc7+ Rxc7 36. Rxb3 Rc4 37. Rb7+ Kd6 38. Rxh7 Rxa4 39.
h4 Ra3+ 40. Kf2 d4 41. h5 Ra2+ 42. Kf3 e5 43. Rg7 e4+ 44. Kf4 d3 45. h6 Rf2+
46. Ke3 Re2+ 47. Kf4 d2 48. Rg8 Kc7 49. h7 d1=Q 50. h8=Q Qf1+ 51. Kg5 Rxg2+ 52.
Kf6 Qa1+ 53. Kf7 Qxh8 54. Rxh8 Kd6 55. Ra8 f4 56. Rxa5 e3 57. Kf6 f3 0-1